00677 2200229 4500001002100000005001500021035002000036007000300056008004100059082002500100084003100125100002100156245004400177260006900221300002600290650001700316650001300333700001900346520002400365856003400389990002400423INLIS00000000000829020260427022256 a0010-0426000139ta260427 0 ind  a631 : 658.5 : 001.89 a631 : 658.5 : 001.89 IST k0 aISTIQOMAH, Nurul1 aKinerja Manajemen Laboratorium Agronomi aMalang :bBalai Pengkajian Teknologi Pertanian Jawa Timur,c2017 a33p. :bIlus ;c29 cm 4aLaboratorium 4aAgronomi0 aLina Aisyawati aLaporan Akhir Tahun aPerpustakaan BBRMP Jawa Timur a431/2026/BBRMPJATIM